|
|
|
|
| LEADER |
00961nam a2200265 a 4500 |
| 001 |
c000140110 |
| 003 |
CARM |
| 005 |
00000000000000.0 |
| 008 |
740605s1974 caua b 00110 eng |
| 019 |
1 |
|
|a 528773
|z 21438959
|z 21804685
|5 LACONCORD2021
|
| 020 |
|
|
|a 0534003451
|
| 035 |
|
|
|a (OCoLC)911201
|5 LACONCORD2021
|
| 050 |
0 |
0 |
|a LB1117
|b .P395 1974
|
| 100 |
1 |
|
|a Perkins, Hugh V.
|
| 245 |
1 |
0 |
|a Human development and learning /
|c Hugh V. Perkins.
|
| 250 |
|
|
|a 2nd ed.
|
| 260 |
|
|
|a Belmont, Calif. :
|b Wadsworth Pub. Co.,
|c 1974.
|
| 300 |
|
|
|a 753 p. :
|b ill. ;
|c 25 cm.
|
| 504 |
|
|
|a Includes bibliographical references and index.
|
| 650 |
|
0 |
|a Child psychology.
|
| 650 |
|
0 |
|a Educational psychology.
|
| 852 |
8 |
|
|b CARM
|h A2:AI30F0
|i C04396
|p 0182097
|f BK
|
| 082 |
0 |
4 |
|a 370.15
|2 19
|
| 999 |
f |
f |
|i 68ce07ed-6540-5213-92ff-afb5aa0e29b8
|s f64347fd-ca68-528f-b8d3-9a9a813d3a8c
|
| 952 |
f |
f |
|p Can circulate
|a CAVAL
|b CAVAL
|c CAVAL
|d CARM 1 Store
|e C04396
|f A2:AI30F0
|h Other scheme
|i book
|m 0182097
|